000 00661nam a2200241Ia 4500
003 OSt
005 20220924120929.0
006 a|||||r|||| 00| 0
007 ta
008 220923b |||||||| |||| 00| 0 san d
024 _a41087
037 _cTextual
040 _aARTS
_cARTS
_bsan
041 _2san
_asan
082 _aO15,1A2:g, 111N2
100 _aBhattacharya A N
_973513
245 0 _aDharma adharma and morality in Mahabharata
260 _aDelhi
_bSS Pub India
_c1992
300 _a192p.
_ccm.
650 _aSANSKRIT LITERATURE
942 _hO15,1A2:g, 111N2
_cTEXL
_2CC
999 _c405026
_d405026